[Event "World Youth & Cadets Rapid Championships"]
[Site "Rhodes, Greece"]
[Date "2022.05.02"]
[Round "6.20"]
[White "Groot Wassink, Leon"]
[Black "Niezhentsev, Kyrylo"]
[Result "0-1"]
[TimeControl "10'/game & 5\"/move"]
[WhiteElo "1472"]
[BlackElo "1803"]

1. e4 {[%clk 00:10:09]} {[%emt 00:00:02]} c5 {[%clk 00:10:08]} {[%emt
00:00:02]} 2. Nc3 {[%clk 00:10:12]} {[%emt 00:00:02]} a6 {[%clk 00:10:12]}
{[%emt 00:00:02]} 3. Nf3 {[%clk 00:10:15]} {[%emt 00:00:01]} d6 {[%clk
00:10:13]} {[%emt 00:00:04]} 4. d4 {[%clk 00:10:17]} {[%emt 00:00:02]} cxd4
{[%clk 00:10:17]} {[%emt 00:00:02]} 5. Nxd4 {[%clk 00:10:21]} {[%emt 00:00:01]}
Nf6 {[%clk 00:10:20]} {[%emt 00:00:02]} 6. Be3 {[%clk 00:10:22]} {[%emt
00:00:04]} e5 {[%clk 00:10:24]} {[%emt 00:00:02]} 7. Nb3 {[%clk 00:10:18]}
{[%emt 00:00:08]} Be6 {[%clk 00:10:28]} {[%emt 00:00:01]} 8. Bd3 {[%clk
00:10:11]} {[%emt 00:00:12]} Be7 {[%clk 00:10:18]} {[%emt 00:00:15]} 9. Qd2
{[%clk 00:10:06]} {[%emt 00:00:10]} O-O {[%clk 00:09:28]} {[%emt 00:00:55]} 10.
f3 {[%clk 00:09:55]} {[%emt 00:00:16]} h5 {[%clk 00:09:04]} {[%emt 00:00:28]}
11. h3 {[%clk 00:09:33]} {[%emt 00:00:28]} Nc6 {[%clk 00:06:23]} {[%emt
00:02:46]} 12. O-O-O {[%clk 00:09:06]} {[%emt 00:00:32]} b5 {[%clk 00:05:05]}
{[%emt 00:01:24]} 13. g4 {[%clk 00:08:37]} {[%emt 00:00:33]} h4 {[%clk
00:04:12]} {[%emt 00:00:58]} 14. Qf2 {[%clk 00:07:51]} {[%emt 00:00:51]} Nd7
{[%clk 00:03:50]} {[%emt 00:00:27]} 15. Rdg1 {[%clk 00:07:20]} {[%emt
00:00:35]} Bg5 {[%clk 00:03:43]} {[%emt 00:00:13]} 16. Qd2 {[%clk 00:07:11]}
{[%emt 00:00:13]} Bxe3 {[%clk 00:03:40]} {[%emt 00:00:09]} 17. Qxe3 {[%clk
00:07:15]} g5 {[%clk 00:02:45]} {[%emt 00:01:00]} 18. Nd5 {[%clk 00:07:07]}
{[%emt 00:00:14]} Kg7 {[%clk 00:01:50]} {[%emt 00:01:00]} 19. Rd1 {[%clk
00:04:56]} {[%emt 00:02:15]} Kg6 {[%clk 00:01:41]} {[%emt 00:00:14]} 20. a3
{[%clk 00:03:36]} {[%emt 00:01:25]} Rb8 {[%clk 00:01:09]} {[%emt 00:00:37]} 21.
Nb4 {[%clk 00:02:38]} {[%emt 00:01:03]} Nxb4 {[%clk 00:00:48]} {[%emt
00:00:26]} 22. axb4 {[%clk 00:02:41]} Bxb3 {[%clk 00:00:45]} {[%emt 00:00:08]}
23. cxb3 {[%clk 00:02:45]} {[%emt 00:00:02]} a5 {[%clk 00:00:39]} {[%emt
00:00:11]} 24. Qd2 {[%clk 00:02:23]} {[%emt 00:00:26]} axb4 {[%clk 00:00:20]}
{[%emt 00:00:25]} 25. Qxb4 {[%clk 00:02:26]} {[%emt 00:00:02]} Nc5 {[%clk
00:00:20]} {[%emt 00:00:05]} 26. Kd2 {[%clk 00:01:55]} {[%emt 00:00:36]} Qf6
{[%clk 00:00:15]} {[%emt 00:00:10]} 27. Ke2 {[%clk 00:01:42]} {[%emt 00:00:18]}
Ne6 {[%clk 00:00:12]} {[%emt 00:00:08]} 28. Rdf1 {[%clk 00:00:47]} {[%emt
00:00:59]} Nd4+ {[%clk 00:00:13]} {[%emt 00:00:05]} 29. Ke1 {[%clk 00:00:19]}
{[%emt 00:00:33]} Rbc8 {[%clk 00:00:12]} {[%emt 00:00:06]} 30. Qd2 {[%clk
00:00:21]} {[%emt 00:00:03]} Nxf3+ {[%clk 00:00:12]} {[%emt 00:00:06]} 31. Rxf3
{[%clk 00:00:25]} {[%emt 00:00:01]} Qxf3 {[%clk 00:00:14]} {[%emt 00:00:02]} 32.
Be2 {[%clk 00:00:24]} {[%emt 00:00:05]} Qxh1+ {[%clk 00:00:18]} {[%emt
00:00:02]} 33. Kf2 {[%clk 00:00:28]} Qh2+ {[%clk 00:00:21]} {[%emt 00:00:02]}
34. Ke1 {[%clk 00:00:28]} {[%emt 00:00:05]} Qf4 {[%clk 00:00:14]} {[%emt
00:00:12]} 35. Qxd6+ {[%clk 00:00:29]} {[%emt 00:00:04]} Qf6 {[%clk 00:00:18]}
{[%emt 00:00:01]} 36. Qd3 {[%clk 00:00:28]} {[%emt 00:00:06]} Rfd8 {[%clk
00:00:22]} {[%emt 00:00:02]} 37. Qxb5 {[%clk 00:00:30]} {[%emt 00:00:03]} Rc1+
{[%clk 00:00:25]} {[%emt 00:00:02]} 38. Bd1 {[%clk 00:00:32]} {[%emt 00:00:03]}
Rcxd1+ {[%clk 00:00:27]} {[%emt 00:00:02]} 39. Ke2 {[%clk 00:00:36]} {[%emt
00:00:02]} R8d2+ {[%clk 00:00:31]} 40. Ke3 {[%clk 00:00:38]} {[%emt 00:00:02]}
Qf4# {[%clk 00:00:35]} {[%emt 00:00:01]} 0-1

[Event "World Youth & Cadets Rapid Championships"]
[Site "Rhodes, Greece"]
[Date "2022.05.02"]
[Round "6.21"]
[White "Shilon Rahav, Eliran"]
[Black "Sarthak, Deshpande"]
[Result "1-0"]
[TimeControl "10'/game & 5\"/move"]
[WhiteElo "1491"]
[BlackElo "1046"]

1. e4 {[%clk 00:10:07]} {[%emt 00:00:02]} c6 {[%clk 00:10:08]} {[%emt
00:00:02]} 2. d4 {[%clk 00:10:10]} {[%emt 00:00:03]} d5 {[%clk 00:10:10]}
{[%emt 00:00:03]} 3. exd5 {[%clk 00:10:11]} {[%emt 00:00:04]} cxd5 {[%clk
00:10:14]} {[%emt 00:00:02]} 4. Bd3 {[%clk 00:10:09]} {[%emt 00:00:07]} Nf6
{[%clk 00:10:11]} {[%emt 00:00:08]} 5. h3 {[%clk 00:10:09]} {[%emt 00:00:04]}
Nc6 {[%clk 00:10:11]} {[%emt 00:00:06]} 6. c3 {[%clk 00:10:11]} {[%emt
00:00:03]} e6 {[%clk 00:10:12]} {[%emt 00:00:04]} 7. Nf3 {[%clk 00:10:11]}
{[%emt 00:00:04]} Bd6 {[%clk 00:10:04]} {[%emt 00:00:14]} 8. O-O {[%clk
00:10:11]} {[%emt 00:00:04]} O-O {[%clk 00:10:00]} {[%emt 00:00:10]} 9. Re1
{[%clk 00:10:13]} {[%emt 00:00:02]} Re8 {[%clk 00:09:51]} {[%emt 00:00:15]} 10.
Ne5 {[%clk 00:09:53]} {[%emt 00:00:25]} Qc7 {[%clk 00:08:14]} {[%emt 00:01:43]}
11. f4 {[%clk 00:08:47]} {[%emt 00:01:10]} b6 {[%clk 00:07:10]} {[%emt
00:01:10]} 12. Nd2 {[%clk 00:06:55]} {[%emt 00:01:56]} Ne7 {[%clk 00:06:28]}
{[%emt 00:00:47]} 13. Ndf3 {[%clk 00:05:58]} {[%emt 00:01:02]} Nf5 {[%clk
00:06:08]} {[%emt 00:00:26]} 14. Qc2 {[%clk 00:03:33]} {[%emt 00:02:28]} h5
{[%clk 00:04:30]} {[%emt 00:01:44]} 15. Kf2 {[%clk 00:02:16]} {[%emt 00:01:22]}
g6 {[%clk 00:03:43]} {[%emt 00:00:52]} 16. Rh1 {[%clk 00:01:41]} {[%emt
00:00:39]} Bb7 {[%clk 00:01:47]} {[%emt 00:02:02]} 17. g4 {[%clk 00:00:29]}
{[%emt 00:01:17]} Ng7 {[%clk 00:01:49]} {[%emt 00:00:03]} 18. Ng5 {[%clk
00:00:23]} {[%emt 00:00:11]} Bxe5 {[%clk 00:01:33]} {[%emt 00:00:21]} 19. fxe5
{[%clk 00:00:19]} {[%emt 00:00:09]} Ne4+ {[%clk 00:00:39]} {[%emt 00:00:59]} 20.
Nxe4 {[%clk 00:00:11]} {[%emt 00:00:14]} dxe4 {[%clk 00:00:41]} {[%emt
00:00:02]} 21. Bxe4 {[%clk 00:00:11]} {[%emt 00:00:05]} Rac8 {[%clk 00:00:24]}
{[%emt 00:00:22]} 22. Bh6 {[%clk 00:00:07]} {[%emt 00:00:08]} Bxe4 {[%clk
00:00:17]} {[%emt 00:00:13]} 23. Qxe4 {[%clk 00:00:11]} {[%emt 00:00:01]} Qc6
{[%clk 00:00:20]} {[%emt 00:00:02]} 24. Qxc6 {[%clk 00:00:14]} {[%emt
00:00:02]} Rxc6 {[%clk 00:00:24]} {[%emt 00:00:02]} 25. Bxg7 {[%clk 00:00:17]}
{[%emt 00:00:02]} Kxg7 {[%clk 00:00:27]} {[%emt 00:00:01]} 26. gxh5 {[%clk
00:00:20]} {[%emt 00:00:02]} gxh5 {[%clk 00:00:31]} 27. Rhg1+ {[%clk 00:00:23]}
{[%emt 00:00:03]} Kh6 {[%clk 00:00:32]} {[%emt 00:00:04]} 28. Rg3 {[%clk
00:00:21]} {[%emt 00:00:05]} Rcc8 {[%clk 00:00:30]} {[%emt 00:00:08]} 29. Rag1
{[%clk 00:00:24]} {[%emt 00:00:01]} Rf8 {[%clk 00:00:31]} {[%emt 00:00:05]} 30.
h4 {[%clk 00:00:24]} {[%emt 00:00:05]} b5 {[%clk 00:00:24]} {[%emt 00:00:12]}
31. Ke2 {[%clk 00:00:24]} {[%emt 00:00:05]} a5 {[%clk 00:00:27]} {[%emt
00:00:02]} 32. a3 {[%clk 00:00:22]} {[%emt 00:00:08]} b4 {[%clk 00:00:24]}
{[%emt 00:00:08]} 33. axb4 {[%clk 00:00:17]} {[%emt 00:00:09]} axb4 {[%clk
00:00:28]} {[%emt 00:00:02]} 34. Rf1 {[%clk 00:00:14]} {[%emt 00:00:07]} bxc3
{[%clk 00:00:16]} {[%emt 00:00:17]} 35. bxc3 {[%clk 00:00:17]} {[%emt
00:00:02]} Rg8 {[%clk 00:00:17]} {[%emt 00:00:04]} 36. Rxg8 {[%clk 00:00:18]}
{[%emt 00:00:05]} Rxg8 {[%clk 00:00:20]} {[%emt 00:00:01]} 37. Rxf7 {[%clk
00:00:21]} {[%emt 00:00:02]} Rg4 {[%clk 00:00:20]} {[%emt 00:00:04]} 38. Rf6+
{[%clk 00:00:23]} {[%emt 00:00:04]} Kg7 {[%clk 00:00:24]} {[%emt 00:00:01]} 39.
Rxe6 {[%clk 00:00:25]} {[%emt 00:00:03]} Rxh4 {[%clk 00:00:27]} {[%emt
00:00:01]} 40. Rf6 {[%clk 00:00:24]} {[%emt 00:00:07]} Rg4 {[%clk 00:00:28]}
{[%emt 00:00:04]} 41. Kf3 {[%clk 00:00:24]} {[%emt 00:00:03]} Rg1 {[%clk
00:00:31]} {[%emt 00:00:04]} 42. Kf2 {[%clk 00:00:26]} {[%emt 00:00:03]} Rc1
{[%clk 00:00:34]} {[%emt 00:00:02]} 43. Rc6 {[%clk 00:00:25]} {[%emt 00:00:06]}
h4 {[%clk 00:00:32]} {[%emt 00:00:06]} 44. Rc7+ {[%clk 00:00:24]} {[%emt
00:00:07]} Kg6 {[%clk 00:00:34]} {[%emt 00:00:03]} 45. e6 {[%clk 00:00:26]}
{[%emt 00:00:03]} Rc2+ {[%clk 00:00:28]} {[%emt 00:00:11]} 46. Kg1 {[%clk
00:00:27]} {[%emt 00:00:03]} Kf6 {[%clk 00:00:26]} {[%emt 00:00:07]} 47. e7
{[%clk 00:00:30]} {[%emt 00:00:03]} Re2 {[%clk 00:00:29]} {[%emt 00:00:02]} 48.
d5 {[%clk 00:00:24]} {[%emt 00:00:11]} h3 {[%clk 00:00:25]} {[%emt 00:00:08]}
49. d6 {[%clk 00:00:24]} {[%emt 00:00:05]} h2+ {[%clk 00:00:17]} {[%emt
00:00:13]} 50. Kh1 {[%clk 00:00:26]} {[%emt 00:00:02]} Kf7 {[%clk 00:00:16]}
{[%emt 00:00:06]} 51. Rc8 {[%clk 00:00:24]} {[%emt 00:00:07]} Re6 {[%clk
00:00:11]} {[%emt 00:00:10]} 52. Rf8+ {[%clk 00:00:25]} {[%emt 00:00:05]} Kg7
{[%clk 00:00:14]} {[%emt 00:00:02]} 53. e8=Q {[%clk 00:00:28]} {[%emt
00:00:02]} Rxe8 {[%clk 00:00:16]} {[%emt 00:00:03]} 54. Rxe8 {[%clk 00:00:32]}
{[%emt 00:00:01]} Kg6 {[%clk 00:00:20]} 55. d7 {[%clk 00:00:36]} {[%emt
00:00:02]} Kf5 {[%clk 00:00:24]} 56. d8=Q {[%clk 00:00:37]} {[%emt 00:00:04]}
Kf4 {[%clk 00:00:27]} {[%emt 00:00:02]} 57. Qf6+ {[%clk 00:00:40]} {[%emt
00:00:01]} Kg4 {[%clk 00:00:31]} {[%emt 00:00:02]} 58. Rg8+ {[%clk 00:00:42]}
{[%emt 00:00:03]} Kh3 {[%clk 00:00:35]} {[%emt 00:00:01]} 59. Qh8# {[%clk
00:00:44]} {[%emt 00:00:03]} 1-0

[Event "World Youth & Cadets Rapid Championships"]
[Site "Rhodes, Greece"]
[Date "2022.05.02"]
[Round "6.22"]
[White "Jalving, August"]
[Black "Barbier-Ramaiah, Rohan Theo"]
[Result "1-0"]
[TimeControl "10'/game & 5\"/move"]
[WhiteElo "1538"]
[BlackElo "1280"]

1. d4 {[%clk 00:10:07]} {[%emt 00:00:02]} Nf6 {[%clk 00:10:07]} {[%emt
00:00:03]} 2. c4 {[%clk 00:10:07]} {[%emt 00:00:04]} g6 {[%clk 00:10:08]}
{[%emt 00:00:04]} 3. Nc3 {[%clk 00:10:11]} {[%emt 00:00:02]} Bg7 {[%clk
00:10:10]} {[%emt 00:00:03]} 4. e4 {[%clk 00:10:14]} {[%emt 00:00:03]} d6
{[%clk 00:10:10]} {[%emt 00:00:04]} 5. Nf3 {[%clk 00:10:17]} {[%emt 00:00:03]}
O-O {[%clk 00:10:10]} {[%emt 00:00:04]} 6. Be2 {[%clk 00:10:20]} {[%emt
00:00:02]} Nbd7 {[%clk 00:09:31]} {[%emt 00:00:44]} 7. O-O {[%clk 00:10:15]}
{[%emt 00:00:10]} e5 {[%clk 00:09:24]} {[%emt 00:00:13]} 8. d5 {[%clk
00:10:15]} {[%emt 00:00:04]} c6 {[%clk 00:09:20]} {[%emt 00:00:09]} 9. dxc6
{[%clk 00:10:06]} {[%emt 00:00:14]} bxc6 {[%clk 00:09:18]} {[%emt 00:00:08]} 10.
Qxd6 {[%clk 00:10:08]} {[%emt 00:00:02]} Bb7 {[%clk 00:08:45]} {[%emt
00:00:38]} 11. Bg5 {[%clk 00:09:45]} {[%emt 00:00:28]} Qb6 {[%clk 00:07:54]}
{[%emt 00:00:45]} 12. Rab1 {[%clk 00:08:48]} {[%emt 00:01:12]} Rad8 {[%clk
00:07:03]} {[%emt 00:00:51]} 13. Qa3 {[%clk 00:08:18]} {[%emt 00:00:42]} h6
{[%clk 00:06:48]} {[%emt 00:00:19]} 14. Be3 {[%clk 00:08:20]} {[%emt 00:00:03]}
c5 {[%clk 00:06:18]} {[%emt 00:00:35]} 15. Nd5 {[%clk 00:07:51]} {[%emt
00:00:34]} Bxd5 {[%clk 00:04:49]} {[%emt 00:01:34]} 16. exd5 {[%clk 00:07:51]}
{[%emt 00:00:05]} e4 {[%clk 00:04:50]} {[%emt 00:00:05]} 17. Nd2 {[%clk
00:07:55]} {[%emt 00:00:02]} Rfe8 {[%clk 00:03:47]} {[%emt 00:01:08]} 18. b4
{[%clk 00:07:55]} {[%emt 00:00:05]} Qc7 {[%clk 00:03:45]} {[%emt 00:00:07]} 19.
bxc5 {[%clk 00:07:55]} {[%emt 00:00:06]} Rc8 {[%clk 00:03:23]} {[%emt
00:00:27]} 20. c6 {[%clk 00:07:57]} {[%emt 00:00:02]} Nb6 {[%clk 00:03:21]}
{[%emt 00:00:06]} 21. Qa5 {[%clk 00:07:45]} {[%emt 00:00:19]} Rb8 {[%clk
00:02:43]} {[%emt 00:00:43]} 22. Rb5 {[%clk 00:07:42]} {[%emt 00:00:08]} Red8
{[%clk 00:02:24]} {[%emt 00:00:24]} 23. Rfb1 {[%clk 00:07:45]} {[%emt
00:00:01]} h5 {[%clk 00:01:31]} {[%emt 00:00:57]} 24. c5 {[%clk 00:07:48]}
{[%emt 00:00:03]} Nbxd5 {[%clk 00:01:24]} {[%emt 00:00:12]} 25. Qxc7 {[%clk
00:07:51]} {[%emt 00:00:02]} Nxc7 {[%clk 00:01:27]} {[%emt 00:00:02]} 26. Rxb8
{[%clk 00:07:55]} {[%emt 00:00:01]} Rxb8 {[%clk 00:01:28]} {[%emt 00:00:04]} 27.
Rxb8+ {[%clk 00:07:59]} {[%emt 00:00:01]} Kh7 {[%clk 00:01:29]} {[%emt
00:00:03]} 28. Rb7 {[%clk 00:08:03]} {[%emt 00:00:02]} Ncd5 {[%clk 00:01:09]}
{[%emt 00:00:25]} 29. c7 {[%clk 00:08:07]} {[%emt 00:00:02]} Ne7 {[%clk
00:01:05]} {[%emt 00:00:09]} 30. Rb8 {[%clk 00:08:02]} {[%emt 00:00:09]} Nd7
{[%clk 00:00:56]} {[%emt 00:00:13]} 31. c6 {[%clk 00:08:04]} {[%emt 00:00:05]}
Nb6 {[%clk 00:00:50]} {[%emt 00:00:11]} 32. Bxb6 {[%clk 00:08:07]} {[%emt
00:00:02]} axb6 {[%clk 00:00:53]} {[%emt 00:00:02]} 33. c8=Q {[%emt 00:00:03]}
Nxc8 {[%clk 00:00:55]} {[%emt 00:00:02]} 34. Rxc8 {[%clk 00:08:11]} {[%emt
00:00:03]} Bc3 {[%clk 00:00:57]} {[%emt 00:00:03]} 35. Nxe4 {[%clk 00:08:13]}
{[%emt 00:00:03]} Be5 {[%clk 00:00:57]} {[%emt 00:00:03]} 36. c7 {[%clk
00:08:17]} {[%emt 00:00:04]} Bxc7 {[%clk 00:00:58]} {[%emt 00:00:03]} 37. Rxc7
{[%clk 00:08:21]} {[%emt 00:00:01]} Kg7 {[%clk 00:01:02]} {[%emt 00:00:02]} 38.
Ng5 {[%emt 00:00:04]} Kf6 {[%clk 00:01:01]} {[%emt 00:00:02]} 39. Rxf7+ {[%clk
00:08:15]} {[%emt 00:00:15]} Kxg5 {[%clk 00:01:03]} {[%emt 00:00:04]} 40. Bd3
{[%clk 00:08:16]} {[%emt 00:00:05]} Kh6 {[%clk 00:01:00]} {[%emt 00:00:06]} 41.
Rf6 {[%clk 00:08:16]} {[%emt 00:00:06]} Kg7 {[%clk 00:01:02]} {[%emt 00:00:02]}
42. Rxb6 {[%clk 00:08:20]} {[%emt 00:00:02]} g5 {[%clk 00:01:05]} {[%emt
00:00:02]} 43. a4 {[%clk 00:08:24]} {[%emt 00:00:01]} Kf7 {[%clk 00:01:06]}
{[%emt 00:00:04]} 44. a5 {[%clk 00:08:28]} {[%emt 00:00:01]} Ke7 {[%clk
00:01:10]} 45. a6 {[%clk 00:08:33]} Kd7 {[%clk 00:01:14]} 46. a7 {[%clk
00:08:36]} {[%emt 00:00:02]} Kc7 {[%clk 00:01:18]} 47. Rb4 {[%clk 00:08:34]}
{[%emt 00:00:07]} Kd6 {[%clk 00:01:17]} {[%emt 00:00:05]} 48. a8=Q {[%emt
00:00:06]} g4 {[%clk 00:01:20]} {[%emt 00:00:02]} 49. Qa5 {[%clk 00:08:34]}
{[%emt 00:00:04]} h4 {[%clk 00:01:22]} {[%emt 00:00:04]} 50. Rb6+ {[%clk
00:08:38]} Kc7 {[%clk 00:01:25]} {[%emt 00:00:02]} 51. Qa7+ {[%clk 00:08:42]}
Kc8 {[%clk 00:01:28]} {[%emt 00:00:01]} 52. Rb8# {[%clk 00:08:44]} {[%emt
00:00:03]} 1-0

[Event "World Youth & Cadets Rapid Championships"]
[Site "Rhodes, Greece"]
[Date "2022.05.02"]
[Round "6.23"]
[White "Przybys, Bruno"]
[Black "Gabadadze, Gabriel"]
[Result "0-1"]
[TimeControl "10'/game & 5\"/move"]
[WhiteElo "1330"]
[BlackElo "1230"]

1. e4 {[%clk 00:10:08]} {[%emt 00:00:02]} c5 {[%clk 00:10:10]} 2. Nf3 {[%clk
00:10:12]} {[%emt 00:00:01]} e6 {[%clk 00:10:14]} 3. b3 {[%clk 00:10:20]}
{[%emt 00:00:15]} Nc6 {[%clk 00:10:04]} 4. Bb2 {[%clk 00:10:20]} {[%emt
00:00:02]} d6 {[%clk 00:10:04]} 5. g3 {[%clk 00:10:24]} {[%emt 00:00:06]} Nf6
{[%clk 00:10:03]} 6. Qe2 {[%clk 00:10:27]} {[%emt 00:00:07]} Be7 {[%clk
00:09:58]} 7. Bg2 {[%clk 00:10:30]} {[%emt 00:00:12]} O-O {[%clk 00:09:51]} 8.
O-O {[%clk 00:10:33]} {[%emt 00:00:13]} e5 {[%clk 00:09:37]} 9. c4 {[%clk
00:10:17]} {[%emt 00:00:41]} Bg4 {[%clk 00:09:28]} 10. h3 {[%clk 00:10:12]}
{[%emt 00:00:24]} Bxf3 {[%clk 00:09:28]} 11. Bxf3 {[%clk 00:10:14]} {[%emt
00:00:08]} Nd4 {[%clk 00:09:23]} {[%emt 00:00:11]} 12. Bxd4 {[%clk 00:10:17]}
cxd4 {[%clk 00:09:25]} {[%emt 00:00:03]} 13. d3 {[%clk 00:10:17]} {[%emt
00:00:05]} Nd7 {[%clk 00:09:22]} {[%emt 00:00:08]} 14. Nd2 {[%clk 00:10:18]}
{[%emt 00:00:04]} a5 {[%clk 00:09:09]} {[%emt 00:00:19]} 15. Bg2 {[%clk
00:10:15]} {[%emt 00:00:08]} b6 {[%clk 00:09:01]} {[%emt 00:00:13]} 16. Kh1
{[%clk 00:10:17]} {[%emt 00:00:02]} Nc5 {[%clk 00:08:53]} {[%emt 00:00:14]} 17.
Nf3 {[%clk 00:10:16]} {[%emt 00:00:05]} g6 {[%clk 00:08:39]} {[%emt 00:00:20]}
18. Nh2 {[%clk 00:10:16]} {[%emt 00:00:04]} Kg7 {[%clk 00:08:38]} {[%emt
00:00:08]} 19. Qd2 {[%clk 00:10:12]} {[%emt 00:00:08]} Qc7 {[%clk 00:08:19]}
{[%emt 00:00:25]} 20. Ng4 {[%clk 00:09:51]} {[%emt 00:00:26]} h5 {[%clk
00:07:58]} {[%emt 00:00:25]} 21. Nh2 {[%clk 00:09:49]} {[%emt 00:00:08]} Qd8
{[%clk 00:07:24]} {[%emt 00:00:40]} 22. f4 {[%clk 00:09:47]} {[%emt 00:00:06]}
Rc8 {[%clk 00:07:19]} {[%emt 00:00:11]} 23. Nf3 {[%clk 00:09:26]} {[%emt
00:00:25]} Bf6 {[%clk 00:06:15]} {[%emt 00:01:09]} 24. Nh2 {[%clk 00:08:54]}
{[%emt 00:00:38]} Be7 {[%clk 00:06:07]} {[%emt 00:00:14]} 25. Rae1 {[%clk
00:08:29]} {[%emt 00:00:29]} Rc7 {[%clk 00:05:33]} {[%emt 00:00:40]} 26. h4
{[%clk 00:08:28]} {[%emt 00:00:05]} Bf6 {[%clk 00:05:07]} {[%emt 00:00:30]} 27.
Bh3 {[%clk 00:08:10]} {[%emt 00:00:23]} Re7 {[%clk 00:04:51]} {[%emt 00:00:21]}
28. Rd1 {[%clk 00:07:28]} {[%emt 00:00:48]} Ree8 {[%clk 00:04:50]} {[%emt
00:00:06]} 29. Qf2 {[%clk 00:07:28]} {[%emt 00:00:05]} Qe7 {[%clk 00:04:10]}
{[%emt 00:00:46]} 30. Qf3 {[%clk 00:06:52]} {[%emt 00:00:41]} Qd8 {[%clk
00:03:51]} {[%emt 00:00:24]} 31. f5 {[%clk 00:06:07]} {[%emt 00:00:50]} Qe7
{[%clk 00:03:38]} {[%emt 00:00:17]} 32. Rg1 {[%clk 00:04:48]} {[%emt 00:01:25]}
Qd8 {[%clk 00:03:06]} {[%emt 00:00:36]} 33. Rdf1 {[%clk 00:04:49]} {[%emt
00:00:04]} Nd7 {[%clk 00:03:00]} {[%emt 00:00:11]} 34. g4 {[%clk 00:04:26]}
{[%emt 00:00:28]} Bxh4 {[%clk 00:01:26]} {[%emt 00:01:39]} 35. gxh5 {[%clk
00:04:23]} {[%emt 00:00:08]} g5 {[%clk 00:01:23]} {[%emt 00:00:08]} 36. Ng4
{[%clk 00:04:06]} {[%emt 00:00:22]} f6 {[%clk 00:01:24]} {[%emt 00:00:04]} 37.
Nh2 {[%clk 00:03:50]} {[%emt 00:00:20]} Rh8 {[%clk 00:01:18]} {[%emt 00:00:12]}
38. Qg4 {[%clk 00:03:44]} {[%emt 00:00:11]} Kf7 {[%emt 00:00:02]} 39. Nf3
{[%clk 00:03:44]} {[%emt 00:00:04]} Reg8 {[%clk 00:00:57]} {[%emt 00:00:30]} 40.
Nxh4 {[%clk 00:03:48]} {[%emt 00:00:02]} gxh4 {[%clk 00:00:58]} {[%emt
00:00:02]} 41. Qxh4 {[%clk 00:03:52]} Rg5 {[%clk 00:00:40]} {[%emt 00:00:24]}
42. Rxg5 {[%clk 00:03:43]} {[%emt 00:00:14]} fxg5 {[%clk 00:00:43]} {[%emt
00:00:02]} 43. Qg4 {[%clk 00:03:47]} Qf6 {[%clk 00:00:38]} {[%emt 00:00:11]} 44.
Rg1 {[%clk 00:03:36]} {[%emt 00:00:16]} Rg8 {[%clk 00:00:42]} {[%emt 00:00:02]}
45. Qe2 {[%clk 00:03:31]} {[%emt 00:00:07]} Rh8 {[%clk 00:00:27]} {[%emt
00:00:23]} 46. Bg4 {[%clk 00:03:33]} {[%emt 00:00:03]} Nc5 {[%clk 00:00:28]}
{[%emt 00:00:04]} 47. Qd2 {[%clk 00:03:34]} {[%emt 00:00:04]} Na6 {[%clk
00:00:25]} {[%emt 00:00:08]} 48. a3 {[%clk 00:03:38]} {[%emt 00:00:02]} a4
{[%clk 00:00:24]} {[%emt 00:00:06]} 49. b4 {[%clk 00:03:40]} {[%emt 00:00:02]}
Nc7 {[%clk 00:00:24]} {[%emt 00:00:05]} 50. Bf3 {[%clk 00:03:42]} {[%emt
00:00:03]} Rg8 {[%clk 00:00:26]} {[%emt 00:00:03]} 51. Qd1 {[%clk 00:03:43]}
{[%emt 00:00:04]} b5 {[%clk 00:00:25]} {[%emt 00:00:06]} 52. cxb5 {[%clk
00:03:45]} {[%emt 00:00:03]} Nxb5 {[%clk 00:00:28]} {[%emt 00:00:03]} 53. Qxa4
{[%clk 00:03:48]} {[%emt 00:00:01]} Nc3 {[%clk 00:00:30]} {[%emt 00:00:03]} 54.
Qd7+ {[%clk 00:03:51]} {[%emt 00:00:02]} Kf8 {[%emt 00:00:03]} 55. b5 {[%clk
00:03:32]} {[%emt 00:00:24]} g4 {[%clk 00:00:22]} {[%emt 00:00:15]} 56. Qc8+
{[%clk 00:02:55]} {[%emt 00:00:41]} Ke7 {[%clk 00:00:24]} {[%emt 00:00:05]} 57.
Qxg8 {[%clk 00:02:57]} {[%emt 00:00:03]} Qh4+ {[%clk 00:00:27]} {[%emt
00:00:01]} 58. Kg2 {[%clk 00:02:57]} {[%emt 00:00:05]} Qh3+ {[%clk 00:00:30]}
{[%emt 00:00:02]} 59. Kf2 {[%clk 00:02:38]} {[%emt 00:00:24]} Qxf3+ {[%clk
00:00:34]} {[%emt 00:00:01]} 60. Ke1 {[%clk 00:02:42]} Qe2# {[%clk 00:00:38]}
{[%emt 00:00:01]} 0-1